LEADER 01334nam 2200349Ia 450 001 996384508503316 005 20221108092845.0 035 $a(CKB)4940000000069210 035 $a(EEBO)2240900747 035 $a(UnM)99898284 035 $a(EXLCZ)994940000000069210 100 $a19900822d1629 uy | 101 0 $aeng 135 $aurbn||||a|bb| 200 10$aGood conscience: or A treatise shewing the nature, meanes, markes, benefit, and necessitie thereof. By Ier. Dyke minister of Gods word at Epping in Essex$b[electronic resource] 205 $aThe fourth edition corrected. 210 $aLondon $cPrinted for R. Mylbourn at the Grey hound in Pauls Churchyard$d1629 215 $a[24], 326, [2] p 300 $aThe first leaf and the last leaf are blank. 300 $aReproduction of original in the Henry E. Huntington Library. 330 $aeebo-0113 606 $aConscience$vEarly works to 1800 615 0$aConscience 700 $aDyke$b Jeremiah$f1584-1639.$01001094 801 0$bCu-RivES 801 1$bCu-RivES 801 2$bCStRLIN 801 2$bWaOLN 906 $aBOOK 912 $a996384508503316 996 $aGood conscience, or A treatise shewing the nature, meanes, markes, benefit, and necessitie thereof. By Ier. Dyke minister of Gods word at Epping in Essex$92349239 997 $aUNISA LEADER 01566nam0 22003611i 450 001 UON00095437 005 20231205102530.456 010 $a39-315-1660-1 100 $a20020107d1999 |0itac50 ba 101 $ager 102 $aDE 105 $a|||| ||||| 200 1 $aMietwohnungen in Pompeji und Herkulaneum$eUntersuchungen zur Architektur, zum Wohnen und Sozial- und Wirtschaftsgeschichte der Vesuvstaedte$fFelix Pirson 210 $aMuenchen$cPfeil$d1999 215 $a287 p.$cill.$d33 cm 316 $aUNIV.DI MONACO (PROF. P. ZANKER)$5IT-UONSI H170 410 1$1001UON00087546$12001 $aStudien zur antiken Stadt$fhrsg. von Paul Zanker$v5 606 $aArcheologia$xArea Archeologia Vesuviana$3UONC028694$2FI 606 $aCASE$xErcolano$xStudi architettonici$3UONC028928$2FI 606 $aCASE POMPEIANE$3UONC028479$2FI 606 $aERCOLANO$xStoria sociale$3UONC028930$2FI 606 $aPOMPEI$xStoria sociale$3UONC028929$2FI 620 $aDE$dMünchen$3UONL003025 676 $a722.7$cARCHITETTURA ROMANA$v21 686 $aH$cARCHITETTURA$2A 700 1$aPIRSON$bFelix$3UONV061647$0327938 712 $aPfeil$3UONV259790$4650 801 $aIT$bSOL$c20250328$gRICA 899 $aSIBA - SISTEMA BIBLIOTECARIO DI ATENEO$2UONSI 912 $aUON00095437 950 $aSIBA - SISTEMA BIBLIOTECARIO DI ATENEO$dSI H 170 $eSI MC 23378 5 UNIV.DI MONACO (PROF. P. ZANKER) 996 $aMietwohnungen in Pompeji und Herkulaneum$91302492 997 $aUNIOR LEADER 01239nam0 22003011i 450 001 UON00071652 005 20231205102353.197 010 $a29-03-87169-8 100 $a20020107d1985 |0itac50 ba 101 $afre 102 $aFR 105 $a|||| ||||| 200 1 $aˆLe ‰roman camerounais et la critique$fJosette Ackad 210 $aParis$cSilex Editions$dc1985 215 $a110 p.$d22 cm 410 1$1001UON00066263$12001 $aCollection A3$fdirigée par Bernard Mouralis 606 $aLetteratura africana francofona$xCamerun$3UONC022171$2FI 620 $aFR$dParis$3UONL002984 686 $aCAM840.9$cLETTERATURA AFRICANA FRANCOFONA - Camerun$2A 700 1$aACKAD$bJosette$3UONV046505$0458417 712 $aSílex$3UONV257030$4650 801 $aIT$bSOL$c20251205$gRICA 899 $aSIBA - SISTEMA BIBLIOTECARIO DI ATENEO E ARCHIVIO STORICO$2UONSI 912 $aUON00071652 950 $aSIBA - SISTEMA BIBLIOTECARIO DI ATENEO E ARCHIVIO STORICO$dSI LETT F b 007 $eSI AA 9106 5 007 966 $aLETTERATURA CAMERUNESE$yLetteratura africana francofona - Camerun$3UONC022172 996 $aRoman camerounais et la critique$9172626 997 $aUNIOR